Создание полнотекстовой базы данных научно-образовательных ресурсов университета с использованием библиотечных технологий; Уровневая подготовка специалистов: государственные и международные стандарты инженерного образования

Sonraí bibleagrafaíochta
Parent link:Уровневая подготовка специалистов: государственные и международные стандарты инженерного образования.— 2012.— [С. 86-88]
Príomhchruthaitheoir: Котова И. В. Ирина Владимировна
Rannpháirtithe: Размарилова Н. И. Наталья Ивановна
Achoimre:Заглавие с титульного листа
В статье показана возможность создания архива электронных научно-образовательных ресурсов университета на основе библиотечных технологий.
Teanga:Rúisis
Foilsithe / Cruthaithe: 2012
Sraith:Организация рабочего пространства подготовки инженеров: комплексное использование ресурсов
Ábhair:
Rochtain ar líne:http://www.lib.tpu.ru/fulltext/c/2012/C09/034.pdf
Formáid: Leictreonach Caibidil leabhair
KOHA link:https://koha.lib.tpu.ru/cgi-bin/koha/opac-detail.pl?biblionumber=229106

MARC

LEADER 00000nla2a2200000 4500
001 229106
005 20251015145454.0
035 |a (RuTPU)RU\TPU\book\249649 
035 |a RU\TPU\book\249614 
090 |a 229106 
100 |a 20121226d2012 k y0rusy50 ca 
101 0 |a rus 
102 |a RU 
105 |a y z 100zy 
135 |a vrnn ---uucaa 
181 0 |a i  
182 0 |a b 
200 1 |a Создание полнотекстовой базы данных научно-образовательных ресурсов университета с использованием библиотечных технологий  |f И. В. Котова, Н. И. Размарилова 
203 |a Текст  |c электронный 
215 |a 1 файл (476 Кб) 
225 1 |a Организация рабочего пространства подготовки инженеров: комплексное использование ресурсов 
300 |a Заглавие с титульного листа 
330 |a В статье показана возможность создания архива электронных научно-образовательных ресурсов университета на основе библиотечных технологий. 
337 |a Adobe Reader 
463 1 |0 (RuTPU)RU\TPU\book\240708  |t Уровневая подготовка специалистов: государственные и международные стандарты инженерного образования  |o сборник трудов научно-методической конференции, 3-6 апреля 2012 г., Томск  |f Национальный исследовательский Томский политехнический университет (ТПУ)  |v [С. 86-88]  |d 2012 
610 1 |a библиотеки 
610 1 |a статьи 
610 1 |a полнотекстовые базы данных 
610 1 |a библиотечные технологии 
610 1 |a информационные ресурсы 
610 1 |a электронные архивы 
610 1 |a университеты 
610 1 |a электронный ресурс 
610 1 |a труды учёных ТПУ 
700 1 |a Котова  |b И. В.  |c директор НТБ Томского политехнического университета  |f 1972-  |g Ирина Владимировна  |3 (RuTPU)RU\TPU\pers\24237  |9 10723 
701 1 |a Размарилова  |b Н. И.  |c заместитель директора НТБ Томского политехнического университета  |f 1954-  |g Наталья Ивановна  |3 (RuTPU)RU\TPU\pers\24238  |9 10724 
801 1 |a RU  |b 63413507  |c 20040213  |g PSBO 
801 2 |a RU  |b 63413507  |c 20130620  |g PSBO 
856 4 |u http://www.lib.tpu.ru/fulltext/c/2012/C09/034.pdf 
942 |c CF